000 00525cam a22002174a 4500
005 20250605164305.0
008 250528s ||||||||||||||||||||||||d
035 _a22230
020 _a9780415583350
040 _aGR-AtMCL
_bgre
_dGR-AtMCL
_eAACR2
245 1 _aRESEARCH METHODS IN EDUCATION
250 _a7
260 _bRouledge,
_c2011
300 _a758
700 1 _aCohen Louis
_96994
700 1 _aManion Lawrence
_96995
700 1 _aMorrison Keith
_96996
942 _cBK
999 _c7286
_d7286